Deutsche Niederlassungen in den USA

Gorde:
Xehetasun bibliografikoak
Egile nagusia: Schlichting, H. Juergen
Formatua: Liburua
Hizkuntza:Undetermined
Argitaratua: New York Herder & Herder 1975
Gaiak:
Etiketak: Etiketa erantsi
Etiketarik gabe, Izan zaitez lehena erregistro honi etiketa jartzen!
Thư viện lưu trữ: Trung tâm Học liệu Trường Đại học Cần Thơ
LEADER 00522nam a2200181Ia 4500
001 CTU_82383
008 210402s9999 xx 000 0 und d
082 |a 332.673 
082 |b S344 
100 |a Schlichting, H. Juergen 
245 0 |a Deutsche Niederlassungen in den USA 
245 0 |c H. Juergen Schlichting, Hans-J. Krüger 
260 |a New York 
260 |b Herder & Herder 
260 |c 1975 
650 |a Investments, german 
904 |i Trọng Hải 
980 |a Trung tâm Học liệu Trường Đại học Cần Thơ